000 00467nab a2200145Ia 4500
003 ES-SlBCS
005 20210820151610.0
008 140529s1965 xxu||||| |||| 00| 0 ita d
041 _aita
100 1 _aValenziano, Crispino
_912710
245 0 0 _aLimiti della Cristologia kierkegaardiana
_c Crispino Valenziano
600 1 _aCristología-Kierkegaard, Soren
_9199683
773 0 _tGiornali di Metafisica
_gvol. 20, nº. 1-2, 1965, págs. 20-29
_w0017-0372
942 _cAR
999 _c586972
_d586972